00311 a2200145 450000100060000002000150000604000260002110000220004724000230006924500210009230000070011336200090012044000130012965000230014249364 a8526243721 cAnchieta - Bela Vista aEscudié, René10aO treco de Noál10aO treco de Noá a610 a2002 1aScipione 4aLiteratura juvenil